00988nam0a22002651 4500001001100000005001700011035002600028100004100054101000800095102000700103105001800110200014400128210003500272215001600307320003800323606007600361606006800437606004400505686002500549686002100574700006800595801001800663801002200681852001900703rc\228179020250623042055.0 a(NLR Aleph) 006561017 a20110829d1977 |||y0rusy50 ca0 arus aRU ay z |||||1 aВозмещение основного капитала как фактор экономического ростаfА.Н. Цыгичко aМоскваcМысльd1977 a239 с.d20 aСписок лит.: с. 236-238 aКапиталистическое воспроизводство2psbo aСредства труда при капитализме2psbo aОсновной капитал2psbo aУ830.0-571.12rubbk aУ011.5162rubbk 1aЦыгичкоbА.Н.gАлександр Николаевич 0aRUbNLRgpsbo 1aRUbELAR2rusmarc aNLRj77-3/6990